000 00934nmm a2200289 a 4500
001 ocm0001703138
003 TR-IsHL
005 20201028170310.0
008 180107s2017 tu eng
007 cr cn
020 _a9786059496605
035 _a1703138
_b(N$T)
050 0 4 _aPZ8.1
_b.B35 2017
090 0 4 _aPZ8.1
_b.B35 2017
100 1 _aBaldwin, James
245 1 0 _aFairy stories and fables
_h[electronic resource] /
_cJames Baldwin
260 _aİstanbul :
_bE-Kitap Projesi & Cheapest Books ,
_c2017
300 _a233 p.
650 4 _aDil ve Edebiyat
650 4 _aLanguage and Literature
650 0 _aOkuma kitapları
650 0 _aReaders
650 0 _aOkuma kitapları
_x Hayvanlar
650 0 _a Readers
_x Animals
650 7 _aJUVENILE FICTION / Fairy Tales & Folklore / General
_2bisacsh
856 4 0 _uhttp://search.ebscohost.com/login.aspx?direct=true&scope=site&db=e011xww&AN=1703138
999 _c16195
_d16195